| 000 | 01083nam a22002651a 4500 | ||
|---|---|---|---|
| 001 | 22039 | ||
| 003 | BD-RjUL | ||
| 005 | 20211209000747.0 | ||
| 008 | 180918s1953 xx 000 0 engd | ||
| 035 | _a(BD-RjUL)22104 | ||
| 040 |
_aDLC _cDNLM _dODaWU _dBD-RjUL _beng |
||
| 041 | _aeng | ||
| 082 |
_a541.3420212 _223 _bSES V-1 1953 |
||
| 100 | 1 |
_aSeidell, Atherton, _d1878-1961. _9222762 |
|
| 245 | 1 | 0 |
_aSolubilities of inorganic and metal organic compounds: _ba compilation of quantitative solubility data from the periodical literature / _cby Atherton Seidell |
| 250 | _a3rd ed. | ||
| 260 |
_aNew York, _bD. Van Nostrand company, inc., _c1953 |
||
| 300 |
_a v . : _bill.; _c23 cm. |
||
| 500 | _a"All data upon inorganic and metal organic compounds in one volume, and the results upon the compounds of carbon in a second volume." - Pref., v. 1. | ||
| 500 | _aVol. 2 has title: Solubilities of organic compounds ... | ||
| 500 | _a2d ed. has title: Solubilities of inorganic and organic compounds ... | ||
| 505 | 1 | _aVol. 1 -- | |
| 650 | 0 |
_aSolubility. _9206976 |
|
| 942 |
_2ddc _cBK |
||
| 999 |
_c22039 _d22039 |
||